[Event "16th Asian Games Rapid"]
[Site "Guangzhou CHN"]
[Date "2010.11.13"]
[Round "1"]
[White "Al-Zendani, Zendan"]
[Black "Le, Quang Liem"]
[Result "0-1"]
[WhiteTitle "IM"]
[BlackTitle "GM"]
[WhiteElo "2398"]
[BlackElo "2689"]
[WhiteFideId "9400249"]
[BlackFideId "12401137"]
[EventDate "2010.11.13"]

1. d4 Nf6 2. c4 e6 3. Nf3 b6 4. a3 Bb7 5. Nc3 d5 6. cxd5 Nxd5 7. g3 Nxc3 8. bxc3
Be7 9. Bg2 O-O 10. O-O c5 11. Be3 Nd7 12. Qd3 Qc8 13. a4 Nf6 14. Ne5 Bxg2 15.
Kxg2 Nd7 16. Qe4 f5 17. Qc6 Nxe5 18. Qxc8 Rfxc8 19. dxe5 Kf7 20. c4 Ke8 21. Rfd1
Rd8 22. f4 Rxd1 23. Rxd1 a6 24. Rb1 Rb8 25. Kf3 Kd7 26. h3 Kc6 27. g4 Rf8 28.
gxf5 Rxf5 29. Bf2 Rf8 30. h4 g6 31. Kg4 Rd8 32. Be3 Rg8 33. Bf2 h6 34. Be3 h5+
35. Kg3 Rb8 36. Bf2 b5 37. Kf3 b4 38. Ke4 b3 39. Kd3 Rb4 40. Be1 Rxa4 41. Rxb3
Ra1 42. Kd2 Bd8 43. Bg3 Ba5+ 44. Ke3 Rc1 45. Ra3 Kb6 46. Rd3 Rxc4 47. Rd6+ Kb5
48. Rxe6 Rd4 49. Rxg6 Bd2+ 50. Kf3 c4 51. e6 Bb4 52. Bf2 Rd8 53. f5 c3 54. f6 c2
55. Be3 Rd6 56. e7 Re6 57. Bc1 Bxe7 58. fxe7 Rxe7 59. e4 Kc4 60. Rxa6 Rd7 61.
Kf4 Rd1 62. Ra1 Re1 63. Kf5 Rg1 64. e5 Kd5 65. Ra5+ Kc4 66. Ra1 0-1

[Event "16th Asian Games Rapid"]
[Site "Guangzhou CHN"]
[Date "2010.11.13"]
[Round "1"]
[White "Sasikiran, Krishnan"]
[Black "Hassan, Abdullah"]
[Result "1-0"]
[WhiteTitle "GM"]
[BlackTitle "IM"]
[WhiteElo "2688"]
[BlackElo "2398"]
[WhiteFideId "5004985"]
[BlackFideId "9300481"]
[EventDate "2010.11.13"]

1. d4 e6 2. c4 b6 3. Nf3 Bb7 4. g3 Nf6 5. Bg2 Be7 6. O-O O-O 7. Re1 c5 8. d5
exd5 9. Nh4 Re8 10. Nf5 Bf8 11. Nc3 Qc8 12. Nb5 Ne4 13. Bxe4 Rxe4 14. Nfd6 Bxd6
15. Nxd6 Qc6 16. Nxe4 dxe4 17. Bf4 Qe6 18. Bxb8 Rxb8 19. Qd2 Bc6 20. Qf4 Re8 21.
b3 h5 22. Rad1 f6 23. Kg2 g5 24. Qe3 Kf7 25. h4 gxh4 26. Rh1 hxg3 27. Rxh5 gxf2
28. Rh7+ Kg8 29. Qg3+ 1-0

[Event "16th Asian Games Rapid"]
[Site "Guangzhou CHN"]
[Date "2010.11.13"]
[Round "1"]
[White "Mok, Tze-Meng"]
[Black "Kasimdzhanov, Rustam"]
[Result "0-1"]
[WhiteTitle "IM"]
[BlackTitle "GM"]
[WhiteElo "2394"]
[BlackElo "2685"]
[WhiteFideId "5700329"]
[BlackFideId "14200244"]
[EventDate "2010.11.13"]

1. e4 c6 2. Nf3 d5 3. Nc3 Bg4 4. h3 Bxf3 5. Qxf3 Nf6 6. g3 e6 7. d3 Nbd7 8. Bg2
Nb8 9. Bf1 Nbd7 10. Bg2 Bb4 11. Bd2 d4 12. Nb1 Qb6 13. b3 O-O 14. O-O Bxd2 15.
Nxd2 Qc5 16. Qd1 b5 17. f4 e5 18. a4 a6 19. h4 Rfe8 20. Bh3 Nf8 21. fxe5 Qxe5
22. Kg2 Qe7 23. Nf3 Qc5 24. Qd2 Ng6 25. Qf2 Rad8 26. Qd2 h6 27. axb5 axb5 28.
Ra6 Qd6 29. Qa5 Nh5 0-1

[Event "16th Asian Games Rapid"]
[Site "Guangzhou CHN"]
[Date "2010.11.13"]
[Round "1"]
[White "Bu, Xiangzhi"]
[Black "Shukuraliev, Algis"]
[Result "1-0"]
[WhiteTitle "GM"]
[WhiteElo "2680"]
[BlackElo "2376"]
[WhiteFideId "8601445"]
[BlackFideId "13800426"]
[EventDate "2010.11.13"]

1. d4 Nf6 2. c4 g6 3. g3 Bg7 4. Bg2 O-O 5. Nc3 d6 6. Nf3 Nc6 7. O-O a6 8. b3 Rb8
9. Nd5 Nh5 10. Bb2 b5 11. Rc1 e6 12. Ne3 Ne7 13. Qc2 c6 14. Rfd1 b4 15. d5 cxd5
16. cxd5 Bxb2 17. Qxb2 e5 18. Nc4 Nf6 19. Nfxe5 dxe5 20. Nxe5 Rb5 21. e4 Bb7 22.
Nc6 Nxc6 23. dxc6 Qe7 24. cxb7 Ng4 25. h3 Nf6 26. Rc8 Rxb7 27. Rxf8+ Kxf8 28. e5
Rd7 29. Rc1 Ne8 30. e6 Qxe6 31. Qh8+ Ke7 32. Kf1 1-0

[Event "16th Asian Games Rapid"]
[Site "Guangzhou CHN"]
[Date "2010.11.13"]
[Round "1"]
[White "Nguyen, Ngoc Truong Son"]
[Black "Tologontegin, Semetey"]
[Result "1-0"]
[WhiteTitle "GM"]
[BlackTitle "FM"]
[WhiteElo "2628"]
[BlackElo "2330"]
[WhiteFideId "12401110"]
[BlackFideId "13800574"]
[EventDate "2010.11.13"]

1. d4 d5 2. Bf4 Nf6 3. e3 Bf5 4. c4 c6 5. Nc3 e6 6. Qb3 b6 7. Nf3 Bd6 8. Bg3 O-O
9. Be2 Qe7 10. Ne5 Nfd7 11. O-O Nxe5 12. dxe5 Bc5 13. Rfd1 Nd7 14. Qa4 Rfc8 15.
cxd5 exd5 16. Ba6 b5 17. Qf4 Bg6 18. Rac1 Nf8 19. b4 Ne6 20. Qf3 Bxb4 21. Nxd5
Qf8 22. Nxb4 Qxb4 23. Rxc6 Rxc6 24. Qxc6 h5 25. h4 Qa4 26. Rc1 Kh7 27. Qe8 Qxa2
28. Rc8 Qb1+ 29. Kh2 Kh6 30. Qh8+ Bh7 31. Rc6 b4 32. Bf4+ Kg6 33. Rxe6+ fxe6 34.
Qe8+ 1-0

[Event "16th Asian Games Rapid"]
[Site "Guangzhou CHN"]
[Date "2010.11.13"]
[Round "1"]
[White "Kojima, Shinya"]
[Black "Sadvakasov, Darmen"]
[Result "0-1"]
[WhiteTitle "FM"]
[BlackTitle "GM"]
[WhiteElo "2329"]
[BlackElo "2627"]
[WhiteFideId "7000812"]
[BlackFideId "13700464"]
[EventDate "2010.11.13"]

1. e4 c5 2. c3 e6 3. d4 d5 4. exd5 exd5 5. Nf3 Nc6 6. Bb5 Bd6 7. O-O Ne7 8. dxc5
Bxc5 9. Nbd2 O-O 10. Nb3 Bb6 11. Re1 Nf5 12. Bd3 h6 13. Bc2 Be6 14. Qd3 Qf6 15.
Be3 Bxe3 16. Rxe3 g6 17. Ree1 Rad8 18. Rad1 Nd6 19. Qd2 Kg7 20. Nfd4 Nc4 21. Qc1
Bg4 22. f3 Bc8 23. Re2 Rfe8 24. Rde1 Rxe2 25. Rxe2 h5 26. Bd3 N6e5 27. Bxc4 dxc4
28. Nd2 Nd3 29. Qc2 b5 30. Ne4 Qb6 31. Qd2 Bb7 32. Qg5 Rd5 33. Qg3 Re5 34. Kf1
Bxe4 35. fxe4 b4 36. Re3 Ra5 37. Nf5+ Kh7 38. Ne7 Qf6+ 0-1

[Event "16th Asian Games Rapid"]
[Site "Guangzhou CHN"]
[Date "2010.11.13"]
[Round "1"]
[White "Kazhgaleyev, Murtas"]
[Black "Ahmed, Abdul Sattar"]
[Result "1-0"]
[WhiteTitle "GM"]
[BlackTitle "FM"]
[WhiteElo "2623"]
[BlackElo "2309"]
[WhiteFideId "13700316"]
[BlackFideId "4801849"]
[EventDate "2010.11.13"]

1. d4 Nf6 2. c4 g6 3. Nc3 Bg7 4. e4 d6 5. h3 O-O 6. Bg5 Na6 7. Bd3 e5 8. d5 Qe8
9. g4 Nd7 10. a3 Ndc5 11. Bc2 f5 12. b4 Nxe4 13. Nxe4 fxe4 14. Bxe4 Nb8 15. Ne2
Nd7 16. Ng3 Rf4 17. f3 h6 18. Bxf4 exf4 19. Ne2 Bxa1 20. Qxa1 g5 21. h4 Ne5 22.
hxg5 hxg5 23. Rh5 Qe7 24. Kf2 Nf7 25. Rh7 Qe5 26. Qxe5 Nxe5 27. Rxc7 a5 28. b5
b6 29. Nd4 Bd7 30. Nc6 Re8 31. Nxe5 1-0

[Event "16th Asian Games Rapid"]
[Site "Guangzhou CHN"]
[Date "2010.11.13"]
[Round "1"]
[White "Battulga, Namkhai"]
[Black "Filippov, Anton"]
[Result "0-1"]
[WhiteTitle "FM"]
[BlackTitle "GM"]
[WhiteElo "2428"]
[BlackElo "2620"]
[WhiteFideId "4900880"]
[BlackFideId "14200988"]
[EventDate "2010.11.13"]

1. e4 e5 2. Nf3 Nc6 3. Bc4 Bc5 4. Bf1 Bf8 5. Bc4 Bc5 6. c3 Nf6 7. d4 Bb4 8. Bd2
exd4 9. cxd4 Bxd2+ 10. Nbxd2 d5 11. exd5 Nxd5 12. Qb3 Nce7 13. O-O O-O 14. Rfe1
c6 15. a4 Rb8 16. Ne4 Bf5 17. Qa3 Bxe4 18. Rxe4 Ng6 19. Qc5 Nf6 20. Qa3 Nd5 21.
Qc5 Nf6 22. Re3 Qb6 23. Qxb6 axb6 24. Rb3 Nd7 25. Re1 Ra8 26. Rb4 Ra5 27. h4 h6
28. Bb3 Rd8 29. g3 Kf8 30. Nd2 b5 31. axb5 Rxb5 32. Rxb5 cxb5 33. Rc1 Nb6 34.
Nf3 Rc8 35. Re1 Nc4 36. Re2 Ne7 37. Ne5 Rd8 38. Nxc4 bxc4 39. Bxc4 Nc6 40. b3
Rxd4 41. h5 g5 42. Ra2 Rd8 43. Kg2 Kg7 44. Kg1 Kf6 45. Kg2 Rd4 46. Ra8 Ne5 47.
Be2 Rd2 48. Kf1 Rb2 49. Rh8 Kg7 50. Re8 Kf6 51. f4 gxf4 52. gxf4 Nc6 53. Bc4 Na5
54. Bd5 Rd2 55. Be4 Nxb3 56. Bxb7 Nc5 57. Bf3 Ne6 58. Ra8 Nxf4 59. Ra7 Ne6 60.
Be2 Rc2 61. Bf3 Ng5 62. Ra6+ Kg7 63. Bg4 Ne4 64. Ra7 Rf2+ 65. Kg1 Rd2 66. Re7
Ng5 67. Ra7 Rb2 68. Rc7 Rb4 69. Be2 Ne6 70. Rd7 Rd4 71. Ra7 Rd2 72. Bg4 Nf4 73.
Bf3 Kf6 74. Rb7 Nh3+ 75. Kh1 Ng5 76. Bg4 Rd4 77. Be2 Re4 78. Rb6+ Kg7 79. Rb2
Ne6 80. Kh2 Kf6 81. Kg3 Kg5 82. Bf3 Rc4 83. Rb8 Rc3 84. Rg8+ Kf5 85. Kf2 Ng5 86.
Bd1 Kf4 87. Rh8 Rc6 88. Ba4 Rb6 89. Be8 Rb8 90. Rg8 f5 91. Kf1 Kg3 92. Bf7 Rxg8
93. Bxg8 f4 94. Bb3 f3 95. Bc2 Nh3 96. Bf5 Nf4 97. Bg6 Ng2 0-1

[Event "16th Asian Games Rapid"]
[Site "Guangzhou CHN"]
[Date "2010.11.13"]
[Round "1"]
[White "Ghaem Maghami, Ehsan"]
[Black "Shrestha, Bilam Lal"]
[Result "1-0"]
[WhiteTitle "GM"]
[WhiteElo "2593"]
[BlackElo "2138"]
[WhiteFideId "12500739"]
[BlackFideId "12300047"]
[EventDate "2010.11.13"]

1. c4 Nf6 2. Nc3 d6 3. d4 g6 4. g3 Bg7 5. Bg2 c6 6. e4 O-O 7. Nge2 Nbd7 8. O-O
e5 9. h3 exd4 10. Nxd4 Ne5 11. b3 c5 12. Nde2 Nc6 13. Bf4 Ne5 14. Be3 Qe7 15. f4
Nc6 16. Qd2 Bxh3 17. Qd1 Ne5 18. Qd2 Nc6 19. Bxh3 Nxe4 20. Nxe4 Qxe4 21. Nc3
Bxc3 22. Qxc3 Nb4 23. Bg2 Qc2 24. Rfc1 Qe2 25. Re1 Qc2 26. Qd2 Qxd2 27. Bxd2 Nc2
28. Bxb7 Rab8 29. Bf3 Nxa1 30. Rc1 Nc2 31. Re1 Na1 32. Rxa1 Rfe8 33. Kf2 f6 34.
Bc3 Rf8 35. Bd5+ Kg7 36. g4 h6 37. g5 hxg5 38. fxg5 Rbe8 39. gxf6+ Rxf6+ 40.
Bxf6+ Kxf6 41. Rd1 Rh8 42. Re1 Kf5 43. Kg3 g5 44. Be6+ Kf6 45. Bg4 Rd8 46. Rf1+
Ke5 47. Rf7 d5 48. Re7+ Kd4 49. Rxa7 dxc4 50. Ra4 Kc3 51. Rxc4+ Kb2 52. Ra4 Rd3+
53. Bf3 c4 54. bxc4 Rd4 55. Be2 Kc3 56. Ra3+ Kb4 57. Rb3+ Ka4 58. c5 Rd2 59.
Bb5+ Ka5 60. a4 Rc2 61. c6 1-0

[Event "16th Asian Games Rapid"]
[Site "Guangzhou CHN"]
[Date "2010.11.13"]
[Round "1"]
[White "Lee, Sanghoon"]
[Black "Moradiabadi, Elshan"]
[Result "0-1"]
[WhiteTitle "CM"]
[BlackTitle "GM"]
[WhiteElo "2132"]
[BlackElo "2575"]
[WhiteFideId "13200011"]
[BlackFideId "12501255"]
[EventDate "2010.11.13"]

1. d4 d6 2. Nf3 g6 3. c4 Bg7 4. Nc3 Bg4 5. g3 Qc8 6. h3 Bxf3 7. exf3 Nc6 8. Be3
e5 9. dxe5 Nxe5 10. f4 Nc6 11. Bg2 Nge7 12. Qd2 O-O 13. O-O Nf5 14. Kh2 Re8 15.
Rfe1 Nce7 16. Rf1 Nc6 17. Rfe1 Nce7 18. Rad1 a6 19. b3 Rb8 20. a4 Nxe3 21. fxe3
Nf5 22. Nd5 c6 23. Nc3 Qc7 24. e4 Nd4 25. b4 a5 26. Ne2 c5 27. b5 Nxe2 28. Rxe2
Bd4 29. Bf3 Qe7 30. Kg2 b6 31. h4 Qf6 32. Qd3 Re7 33. Rde1 Rbe8 34. Rd1 h6 35.
Qd2 Kg7 36. Qd3 Rg8 37. Rh1 Kf8 38. Kf1 g5 39. hxg5 hxg5 40. f5 g4 41. Bg2 Rh8
42. Rxh8+ Qxh8 43. Ke1 Qh2 44. Kd2 Qg1 45. Kc2 Qa1 46. Kb3 d5 47. Qc2 dxc4+ 48.
Kxc4 Be5 49. Rd2 Qa3 50. Qb3 Qc1+ 51. Rc2 Qd1 52. Qd3 Rd7 53. Qxd1 Rxd1 54. Ra2
Bxg3 55. e5 Bxe5 56. Re2 f6 57. Bc6 g3 58. Re4 g2 0-1

[Event "16th Asian Games Rapid"]
[Site "Guangzhou CHN"]
[Date "2010.11.13"]
[Round "1"]
[White "Antonio, Rogelio Jr"]
[Black "Alshoha, Basel"]
[Result "1-0"]
[WhiteTitle "GM"]
[WhiteElo "2573"]
[BlackElo "2106"]
[WhiteFideId "5200032"]
[BlackFideId "8101914"]
[EventDate "2010.11.13"]

1. e4 c5 2. Nf3 g6 3. c3 Bg7 4. d4 cxd4 5. cxd4 d5 6. e5 Bg4 7. Qb3 Qd7 8. Nc3
Bxf3 9. gxf3 Nc6 10. Be3 Nh6 11. h4 e6 12. Bd3 Nf5 13. Bxf5 gxf5 14. Ne2 O-O-O
15. h5 Rdg8 16. O-O-O Kb8 17. Bd2 Bf8 18. Kb1 Be7 19. a3 Rg2 20. Rdf1 Rc8 21.
Qe3 Bg5 22. f4 Be7 23. Ng3 Qc7 24. Bc3 b5 25. Rc1 a5 26. Qf3 Rxg3 27. Qxg3 b4
28. axb4 axb4 29. Bd2 Kb7 30. Qb3 Qb6 31. Be3 Na5 32. Qa4 Nc4 33. b3 Na3+ 34.
Kb2 Nb5 35. Rxc8 Kxc8 36. Qa8+ Kd7 37. Rc1 Nc7 38. Qa4+ Qb5 1-0

[Event "16th Asian Games Rapid"]
[Site "Guangzhou CHN"]
[Date "2010.11.13"]
[Round "1"]
[White "Nepali, Badrilal"]
[Black "Al-Modiahki, Mohamad"]
[Result "0-1"]
[BlackTitle "GM"]
[WhiteElo "2102"]
[BlackElo "2562"]
[WhiteFideId "12300020"]
[BlackFideId "12100030"]
[EventDate "2010.11.13"]

1. e4 c5 2. Nf3 Nc6 3. d4 cxd4 4. Nxd4 g6 5. Nc3 Bg7 6. Be3 Nf6 7. Nxc6 bxc6 8.
e5 Ng8 9. f4 f6 10. Bd4 Qa5 11. exf6 Nxf6 12. Qd2 Rb8 13. O-O-O Qb4 14. b3 c5
15. Bxf6 Bxf6 16. Nb1 O-O 17. Qxb4 cxb4 18. Be2 e6 19. g3 d5 20. Rhe1 Bd7 21.
Bg4 Rb6 22. Rd2 Rc8 23. Rde2 Rcc6 24. Nd2 Ra6 25. c4 bxc3 26. Nf3 d4 27. Rd1 Rd6
28. Ne5 Bb5 29. Nd3 Kf7 30. Kc2 Rxa2+ 0-1

[Event "16th Asian Games Rapid"]
[Site "Guangzhou CHN"]
[Date "2010.11.13"]
[Round "1"]
[White "Megaranto, Susanto"]
[Black "Yamada, Kohei"]
[Result "1-0"]
[WhiteTitle "GM"]
[WhiteElo "2528"]
[BlackElo "2091"]
[WhiteFideId "7101384"]
[BlackFideId "7000936"]
[EventDate "2010.11.13"]

1. d4 d5 2. Nf3 Nf6 3. c4 c6 4. Nc3 dxc4 5. a4 Bf5 6. e3 e6 7. Bxc4 Bb4 8. O-O
O-O 9. h3 Nbd7 10. Nh4 Be4 11. Nxe4 Nxe4 12. Nf3 Qe7 13. Bd3 Nef6 14. Qb3 a5 15.
Bd2 Rfd8 16. Bc3 Nd5 17. Rfd1 Rac8 18. Rac1 h6 19. e4 Nf4 20. Bf1 Nf6 21. g3 Ng6
22. Re1 Rd7 23. Bxb4 axb4 24. Rc4 Nh7 25. h4 e5 26. Bh3 Nf6 27. dxe5 Nxe5 28.
Nxe5 Qxe5 29. Bxd7 Nxd7 30. Qxb4 b6 31. Rd1 Qc7 32. Qd6 Ne5 33. Qxc7 Rxc7 34.
Rc3 c5 35. b4 c4 36. a5 bxa5 37. bxa5 Ra7 38. Ra1 Ra6 39. f4 Nd3 40. Rxc4 Rg6
41. Kh2 Ra6 42. Kg2 g5 43. Ra3 Nb2 44. Rc2 1-0

[Event "16th Asian Games Rapid"]
[Site "Guangzhou CHN"]
[Date "2010.11.13"]
[Round "1"]
[White "Al-Sayed, Mohammed"]
[Black "Modallal, Tarek"]
[Result "1-0"]
[WhiteTitle "GM"]
[WhiteElo "2502"]
[BlackElo "2028"]
[WhiteFideId "12100196"]
[BlackFideId "5300630"]
[EventDate "2010.11.13"]

1. d4 Nf6 2. c4 e6 3. Nc3 Bb4 4. Qc2 Nc6 5. Nf3 O-O 6. Bd2 Qe7 7. a3 Bxc3 8.
Bxc3 d6 9. e3 a5 10. b3 e5 11. d5 Nb8 12. Be2 Bg4 13. O-O Nbd7 14. b4 axb4 15.
axb4 b6 16. e4 Bh5 17. Rfe1 Bg6 18. Nd2 Nh5 19. g3 f5 20. Rxa8 Rxa8 21. exf5 Bf7
22. Ne4 Nhf6 23. Ng5 b5 24. Nxf7 Qxf7 25. cxb5 Nb6 26. Ra1 Qxd5 27. Ra5 Qe4 28.
Qxe4 Nxe4 29. Be1 Nf6 30. Bd2 d5 31. f4 e4 32. Be3 Nfd7 33. Bd1 Rxa5 34. bxa5
Nc4 35. b6 cxb6 36. a6 b5 37. a7 Ndb6 38. Bxb6 Nxb6 39. Bb3 1-0

[Event "16th Asian Games Rapid"]
[Site "Guangzhou CHN"]
[Date "2010.11.13"]
[Round "1"]
[White "Lee, Kiyul"]
[Black "Murshed, Niaz"]
[Result "0-1"]
[BlackTitle "GM"]
[WhiteElo "1945"]
[BlackElo "2429"]
[WhiteFideId "13200054"]
[BlackFideId "10200010"]
[EventDate "2010.11.13"]

1. e4 e6 2. d4 d5 3. exd5 exd5 4. Nf3 Nc6 5. Bd3 Bg4 6. c3 Bd6 7. O-O Nge7 8.
Nbd2 Qd7 9. b4 O-O 10. Re1 Ng6 11. Nb3 b6 12. Be2 Rfe8 13. b5 Nd8 14. a4 Ne6 15.
Ne5 Bxe2 16. Qxe2 Nxe5 17. dxe5 Bxe5 18. Qd1 Bd6 19. Qe2 Be5 20. Bd2 Nc5 21. Qd1
Ne4 22. Rc1 Qf5 23. Rf1 Rad8 24. Nd4 Qf6 25. Nc6 Nxd2 26. Qxd2 Bf4 27. Qc2 Bxc1
28. Nxd8 Qxd8 29. Qxc1 Qe7 30. Qc2 Qd8 31. Qc1 Qe7 32. Qd2 Qc5 33. h3 h6 34. Re1
Rd8 35. Qd4 Qxd4 36. cxd4 Kf8 37. Rc1 Rd7 38. f3 Ke7 39. Kf2 Kd8 40. Kg1 Ke7 41.
Kf2 Kd8 42. Rc2 Re7 43. Rc1 Kd7 44. a5 Re6 45. axb6 Rxb6 46. Rc5 Kd6 47. Ke3 a6
48. bxa6 Rxa6 49. Rc3 Ra2 50. g3 Rg2 51. Kf4 g5+ 52. Kg4 f6 53. Kh5 Rxg3 54.
Kxh6 Rxh3+ 55. Kg6 g4 56. Kf5 0-1

[Event "16th Asian Games Rapid"]
[Site "Guangzhou CHN"]
[Date "2010.11.13"]
[Round "1"]
[White "Gundavaa, Bayarsaikhan"]
[Black "Abdul Rahman Ali"]
[Result "1-0"]
[WhiteElo "2472"]
[BlackElo "1936"]
[WhiteFideId "4901045"]
[BlackFideId "16700066"]
[EventDate "2010.11.13"]

1. e4 e6 2. d4 d5 3. Nc3 Bb4 4. exd5 exd5 5. Bd3 Nf6 6. Ne2 Be6 7. O-O c6 8. Nf4
O-O 9. Nxe6 fxe6 10. Qe2 Qe7 11. Re1 Re8 12. Bf4 Nbd7 13. Qf3 Rf8 14. Qh3 Rae8
15. Qf3 Ra8 16. Qh3 Rae8 17. Re2 Bd6 18. Be5 Rf7 19. Rae1 Nf8 20. Nd1 N6d7 21.
Bg3 Bxg3 22. Qxg3 Nf6 23. Qh3 Qd6 24. c3 a6 25. Ne3 c5 26. Nf5 Qc6 27. Nh4 b5
28. Nf3 N6d7 29. Ng5 Rf6 30. Bxh7+ Kh8 31. Bg6+ Kg8 32. Bxe8 Rh6 33. Qg3 Qc8 34.
Bf7+ Kh8 35. Nxe6 Nxe6 36. Rxe6 Nf6 37. Re8+ Nxe8 38. Rxe8+ Qxe8 1-0

[Event "16th Asian Games Rapid"]
[Site "Guangzhou CHN"]
[Date "2010.11.13"]
[Round "1"]
[White "Mohamed, Hassan"]
[Black "Al Qudaimi, Basheer"]
[Result "0-1"]
[BlackTitle "IM"]
[WhiteElo "1780"]
[BlackElo "2406"]
[WhiteFideId "16700058"]
[BlackFideId "9400346"]
[EventDate "2010.11.13"]

1. d4 Nf6 2. c4 e6 3. Nc3 Bb4 4. Bg5 h6 5. Bh4 c5 6. e3 Qa5 7. Qc2 Ne4 8. Ne2
cxd4 9. exd4 f5 10. f3 Nxc3 11. Nxc3 Nc6 12. Bf2 O-O 13. Be2 e5 14. dxe5 Qxe5
15. O-O Nd4 16. Bxd4 Qxd4+ 17. Kh1 Qh4 18. Qd3 d6 19. a3 Bc5 20. Nd1 a5 21. f4
Re8 22. Bf3 Rb8 23. Bd5+ Kh8 24. g3 Qf6 25. Nc3 Re3 26. Qd2 Bd7 27. Nd1 Re7 28.
Nf2 b5 29. Nd3 Bd4 30. Rab1 bxc4 31. Nf2 Bxb2 32. Bxc4 Kh7 33. Bd5 Bc3 34. Qc2
Rbe8 35. Bg2 Re2 36. Qd3 Rd2 37. Qc4 Ree2 38. Qc7 Be6 39. Rbc1 Bd4 40. Rb1 Bxf2
41. Bf3 Bxg3 42. hxg3 Rh2+ 43. Kg1 Qd4+ 0-1

[Event "16th Asian Games Rapid"]
[Site "Guangzhou CHN"]
[Date "2010.11.13"]
[Round "2"]
[White "Le, Quang Liem"]
[Black "Antonio, Rogelio Jr"]
[Result "1-0"]
[WhiteTitle "GM"]
[BlackTitle "GM"]
[WhiteElo "2689"]
[BlackElo "2573"]
[WhiteFideId "12401137"]
[BlackFideId "5200032"]
[EventDate "2010.11.13"]

1. d4 Nf6 2. Nf3 e6 3. c4 Bb4+ 4. Bd2 Bxd2+ 5. Qxd2 d5 6. g3 c6 7. Bg2 O-O 8.
O-O b6 9. Nc3 Ba6 10. Ne5 Nfd7 11. cxd5 Nxe5 12. dxe5 cxd5 13. Rfd1 Nc6 14. f4
Rc8 15. Rac1 Qe7 16. h4 Rfd8 17. Kh2 h6 18. h5 Kh8 19. Bf3 Kg8 20. Kg2 Kh8 21.
b3 Kg8 22. Qb2 Rc7 23. a3 Na5 24. Na2 Rdc8 25. Rxc7 Rxc7 26. Nb4 Bb7 27. Nc2 Qc5
28. Nd4 Qc3 29. Qb1 Qe3 30. b4 Qxa3 31. Nb5 Qa4 32. bxa5 Rc2 33. Rd4 Qa2 34.
Qxa2 Rxa2 35. axb6 axb6 36. Rb4 Ba6 37. Kf2 Bxb5 38. Rxb5 Ra6 39. e3 f6 40. exf6
gxf6 41. Be2 1-0

[Event "16th Asian Games Rapid"]
[Site "Guangzhou CHN"]
[Date "2010.11.13"]
[Round "2"]
[White "Moradiabadi, Elshan"]
[Black "Sasikiran, Krishnan"]
[Result "1/2-1/2"]
[WhiteTitle "GM"]
[BlackTitle "GM"]
[WhiteElo "2575"]
[BlackElo "2688"]
[WhiteFideId "12501255"]
[BlackFideId "5004985"]
[EventDate "2010.11.13"]

1. Nf3 Nf6 2. c4 b6 3. d4 e6 4. g3 Ba6 5. Nbd2 Bb4 6. Qc2 Bb7 7. Bg2 Be4 8. Qb3
a5 9. O-O Bb7 10. Qc2 d5 11. cxd5 exd5 12. Ne5 O-O 13. a3 Be7 14. Ndf3 c5 15.
Bg5 Ne4 16. Bxe7 Qxe7 17. dxc5 bxc5 18. Rfd1 Na6 19. Rac1 Rfe8 20. Nd3 Rac8 21.
Nf4 d4 22. Qa4 Ra8 23. Qb5 Reb8 24. Qd3 Nf6 25. Qd2 a4 26. Nd3 Re8 27. Re1 Bd5
28. Nf4 Be4 29. Nd3 Rec8 30. Rc4 Qb7 31. Rec1 Nd7 32. Nfe1 Bxg2 33. Nxg2 Nb6 34.
R4c2 c4 35. Ne5 Qd5 36. Qf4 f6 37. Nf3 d3 38. exd3 cxd3 39. Rxc8+ Rxc8 40. Rxc8+
Nxc8 41. Qxa4 Nd6 42. Nd2 Nc5 43. Qd1 Nde4 44. Nf4 Qd4 45. Nxe4 Qxe4 46. b4 g5
47. bxc5 gxf4 48. c6 Qe2 49. Qf1 Qc2 50. Qe1 Qxc6 51. gxf4 Qd6 52. Qd1 Qxa3 53.
Qg4+ Kf8 54. Qd7 Qa1+ 55. Kg2 Qa8+ 56. Kg3 Qe4 57. Qd8+ Kf7 58. Qd7+ Kg6 59.
Qg4+ Kh6 60. Qh3+ Kg7 61. Qd7+ Kf8 62. Qd8+ Kf7 1/2-1/2

[Event "16th Asian Games Rapid"]
[Site "Guangzhou CHN"]
[Date "2010.11.13"]
[Round "2"]
[White "Kasimdzhanov, Rustam"]
[Black "Megaranto, Susanto"]
[Result "1-0"]
[WhiteTitle "GM"]
[BlackTitle "GM"]
[WhiteElo "2685"]
[BlackElo "2528"]
[WhiteFideId "14200244"]
[BlackFideId "7101384"]
[EventDate "2010.11.13"]

1. d4 Nf6 2. c4 e6 3. Nf3 Bb4+ 4. Bd2 a5 5. g3 b6 6. Bg2 Bb7 7. O-O O-O 8. Bg5
Be7 9. Nc3 d6 10. Qc2 Nbd7 11. e4 h6 12. Bf4 Nh7 13. Rad1 Qc8 14. Rfe1 Re8 15.
d5 e5 16. Be3 Nhf6 17. a3 Nf8 18. b4 Ng6 19. Rb1 axb4 20. axb4 Ba6 21. Qb3 Ng4
22. Bd2 f5 23. exf5 Qxf5 24. Ra1 Qd3 25. b5 Bb7 26. Qb1 Qxb1 27. Rexb1 Rxa1 28.
Rxa1 Ra8 29. Rxa8+ Bxa8 30. Bh3 Nf6 31. Be3 Kf8 32. Bf5 Nh8 33. Nd2 Bb7 34. Nde4
Nxe4 35. Nxe4 Ke8 36. Kg2 Kd8 37. Kf3 Bc8 38. Bxc8 Kxc8 39. Kg4 Kd7 40. h4 Ng6
41. h5 Nf8 42. Kf5 Ke8 43. f4 exf4 44. Bxf4 Kf7 45. Nd2 Nd7 46. Nf3 Bf6 47. Be3
Ne5 48. Nxe5+ Bxe5 49. g4 Bf6 50. Bf2 Bg5 51. Bd4 Bc1 52. Ba1 Be3 53. Bc3 Bc1
54. c5 Be3 55. c6 Bc5 56. Be1 Bd4 57. Bg3 Ke7 58. Bh4+ Ke8 59. Ke6 Be5 60. Bf2
Kd8 61. Kf7 Bf6 62. Be3 Be5 63. g5 hxg5 64. Bxg5+ Kc8 65. Be7 1-0

[Event "16th Asian Games Rapid"]
[Site "Guangzhou CHN"]
[Date "2010.11.13"]
[Round "2"]
[White "Salem, A.R. Saleh"]
[Black "Ganguly, Surya Shekhar"]
[Result "0-1"]
[WhiteTitle "GM"]
[BlackTitle "GM"]
[WhiteElo "2518"]
[BlackElo "2644"]
[WhiteFideId "9301348"]
[BlackFideId "5002150"]
[EventDate "2010.11.13"]

1. d4 Nf6 2. c4 g6 3. Nf3 Bg7 4. g3 O-O 5. Bg2 d6 6. O-O Nbd7 7. Nc3 e5 8. e4
exd4 9. Nxd4 Nc5 10. h3 Re8 11. Re1 Bd7 12. Rb1 h6 13. Kh2 a5 14. b3 h5 15. f4
c6 16. Ba3 h4 17. g4 Qc7 18. Kh1 Rad8 19. Bf3 Bc8 20. Qd2 Nfd7 21. Rbd1 Qb6 22.
Nde2 Nf6 23. Ng1 Qc7 24. Qc2 b6 25. Bc1 Ba6 26. Nge2 Bb7 27. Kg2 Re7 28. a3 Rde8
29. Nd4 Nfxe4 30. Nxe4 Nxe4 31. Kh2 Bxd4 32. Rxd4 Ng5 33. fxg5 Rxe1 34. Bb2 d5+ 0-1